<?xml version="1.0" encoding="UTF-8"?>
<record
    xmlns:xsi="http://www.w3.org/2001/XMLSchema-instance"
    xsi:schemaLocation="http://www.loc.gov/MARC21/slim http://www.loc.gov/standards/marcxml/schema/MARC21slim.xsd"
    xmlns="http://www.loc.gov/MARC21/slim">

  <leader>03566cam a22003494a 4500</leader>
  <controlfield tag="001">15033408</controlfield>
  <controlfield tag="005">20090828064521.0</controlfield>
  <controlfield tag="008">071004s2008    nyuab  |rb    001 0 eng  </controlfield>
  <datafield tag="010" ind1=" " ind2=" ">
    <subfield code="a">  2007040813</subfield>
  </datafield>
  <datafield tag="020" ind1=" " ind2=" ">
    <subfield code="a">9780199297771</subfield>
  </datafield>
  <datafield tag="040" ind1=" " ind2=" ">
    <subfield code="a">DLC</subfield>
    <subfield code="c">DLC</subfield>
    <subfield code="d">DLC</subfield>
  </datafield>
  <datafield tag="050" ind1="0" ind2="0">
    <subfield code="a">JZ1242</subfield>
    <subfield code="b">.G58 2008</subfield>
  </datafield>
  <datafield tag="082" ind1="0" ind2="0">
    <subfield code="a">327</subfield>
    <subfield code="2">22</subfield>
    <subfield code="b">GLO</subfield>
  </datafield>
  <datafield tag="245" ind1="0" ind2="4">
    <subfield code="a">The Globalization of World Politics :</subfield>
    <subfield code="b">An introduction to international relations /</subfield>
    <subfield code="c">John Baylis, Steve Smith, Patricia Owens.</subfield>
  </datafield>
  <datafield tag="250" ind1=" " ind2=" ">
    <subfield code="a">4th ed.</subfield>
  </datafield>
  <datafield tag="260" ind1=" " ind2=" ">
    <subfield code="a">New York, :</subfield>
    <subfield code="b">Oxford University Press, 2008</subfield>
    <subfield code="c">2008.</subfield>
  </datafield>
  <datafield tag="300" ind1=" " ind2=" ">
    <subfield code="a">xxxix, 622 p. :</subfield>
    <subfield code="b">col. ill., col. maps ;</subfield>
    <subfield code="c">27 cm.</subfield>
  </datafield>
  <datafield tag="504" ind1=" " ind2=" ">
    <subfield code="a">Includes bibliographical references (p. [591]-605) and index.</subfield>
  </datafield>
  <datafield tag="505" ind1="0" ind2=" ">
    <subfield code="a">Globalization and global politics / Anthony McGrew -- The evolution of international society / David Armstrong -- International history, 1900-90 / Len Scott -- From the cold war to the war on terror / Michael Cox -- Realism / Tim Dunne and Brian C. Schmidt -- Liberalism / Tim Dunne -- Contemporary mainstream approaches : neo-realism and neo-liberalism / Steven L. Lamy -- Marxist theories of international relations / Stephen Hobden and Richard Wyn Jones -- Social constructivism / Michael Barnett -- Alternative approaches to international theory / Steve Smith and Patricia Owens -- International ethics / Richard Shapcott -- The changing character of war / Mike Sheehan -- International and global security / John Baylis -- International political economy in an age of globalization / Ngaire Woods -- Gender in world politics / J. Ann Tickner -- International law / Christian Reus-Smit -- International regimes /  Richard Little -- The United Nations / Paul Taylor and Devon Curtis -- Transnational actors and international organizations in global politics / Peter Willetts -- Environmental issues / John Vogle -- Terrorism and globalization / James D. Kiras -- Nuclear proliferation / Darryl Howlett -- Nationalism / John Breuilly -- Culture in world affairs / Simon Murden -- Regionalism in international affairs / Edward Best and Thomas Christiansen -- Global trade and finance / Jan Aart Scholte -- Poverty, development, and hunger / Caroline Thomas -- Human security / Amitav Acharya -- Human rights / Chris Brown -- Humanitarian intervention in world politics / Alex J. Bellamy and Nicholas J. Wheeler -- Globalization and the transformation of political community / Andrew Linklater -- Globalization and the post-cold war order / Ian Clark.</subfield>
  </datafield>
  <datafield tag="650" ind1=" " ind2="0">
    <subfield code="a">International relations</subfield>
    <subfield code="v">Textbooks.</subfield>
    <subfield code="9">12037</subfield>
  </datafield>
  <datafield tag="650" ind1=" " ind2="0">
    <subfield code="a">World politics</subfield>
    <subfield code="y">1989-</subfield>
    <subfield code="v">Textbooks.</subfield>
    <subfield code="9">12038</subfield>
  </datafield>
  <datafield tag="700" ind1="1" ind2=" ">
    <subfield code="a">Baylis, John,</subfield>
    <subfield code="d">1946-</subfield>
    <subfield code="9">12039</subfield>
  </datafield>
  <datafield tag="700" ind1="1" ind2=" ">
    <subfield code="a">Smith, Steve,</subfield>
    <subfield code="d">1952-</subfield>
    <subfield code="9">12040</subfield>
  </datafield>
  <datafield tag="700" ind1="1" ind2=" ">
    <subfield code="a">Owens, Patricia,</subfield>
    <subfield code="d">1975-</subfield>
    <subfield code="9">12041</subfield>
  </datafield>
  <datafield tag="856" ind1="4" ind2="1">
    <subfield code="3">Table of contents only</subfield>
    <subfield code="u">http://www.loc.gov/catdir/toc/ecip082/2007040813.html</subfield>
  </datafield>
  <datafield tag="942" ind1=" " ind2=" ">
    <subfield code="2">ddc</subfield>
    <subfield code="c">NB</subfield>
  </datafield>
  <datafield tag="999" ind1=" " ind2=" ">
    <subfield code="c">13542</subfield>
    <subfield code="d">13542</subfield>
  </datafield>
  <datafield tag="952" ind1=" " ind2=" ">
    <subfield code="0">0</subfield>
    <subfield code="1">0</subfield>
    <subfield code="2">ddc</subfield>
    <subfield code="4">0</subfield>
    <subfield code="7">0</subfield>
    <subfield code="8">Baccah</subfield>
    <subfield code="a">MAIN</subfield>
    <subfield code="b">MAIN</subfield>
    <subfield code="c">1ST</subfield>
    <subfield code="d">2010-03-01</subfield>
    <subfield code="l">1</subfield>
    <subfield code="m">11</subfield>
    <subfield code="o">327 GLO</subfield>
    <subfield code="p">000020027</subfield>
    <subfield code="r">2025-07-15 00:00:00</subfield>
    <subfield code="s">2018-03-12</subfield>
    <subfield code="y">BB</subfield>
  </datafield>
  <datafield tag="952" ind1=" " ind2=" ">
    <subfield code="0">0</subfield>
    <subfield code="1">0</subfield>
    <subfield code="2">ddc</subfield>
    <subfield code="4">0</subfield>
    <subfield code="7">0</subfield>
    <subfield code="8">Baccah</subfield>
    <subfield code="a">MAIN</subfield>
    <subfield code="b">MAIN</subfield>
    <subfield code="c">1ST</subfield>
    <subfield code="d">2010-03-01</subfield>
    <subfield code="e">purchase</subfield>
    <subfield code="l">10</subfield>
    <subfield code="m">41</subfield>
    <subfield code="o">327 GLO</subfield>
    <subfield code="p">000020024</subfield>
    <subfield code="r">2025-07-15 00:00:00</subfield>
    <subfield code="s">2019-03-06</subfield>
    <subfield code="y">BB</subfield>
  </datafield>
</record>
